000 00395nam a2200145Ia 4500
008 240624s9999 xx 000 0 und d
041 _aeng
082 _a338.5 MCK
100 _aMCKENZIE RICHARD B
245 _aMICROECONOMICS FOR MBAS THE ECONOMIC WAY
250 _a(3rd ed.)
260 _c2017
_aNew Delhi
_bCambridge University Press
300 _axxxvii, 725 p.; 23 cm.
365 _cBPS
_b30
999 _c29722
_d29722